[Event "RUS-chT 11th"]
[Site "Sochi"]
[Date "2004.04.22"]
[Round "3.1"]
[White "Bologan, Viktor"]
[Black "Bareev, Evgeny"]
[Result "1/2-1/2"]
[WhiteElo "2665"]
[BlackElo "2711"]
[Annotator "Finkel,A"]
[PlyCount "111"]
[EventDate "2004.04.20"]
[EventType "team-tourn"]
[EventRounds "9"]
[EventCountry "RUS"]
[SourceTitle "EXT 2020"]
[Source "ChessBase"]
[SourceDate "2019.10.17"]
[SourceVersion "1"]
[SourceVersionDate "2019.10.17"]
[SourceQuality "1"]
[WhiteTeam "Norilsk Norilsky Nikel"]
[BlackTeam "Kazan Ladya"]
[WhiteTeamCountry "RUS"]
[BlackTeamCountry "RUS"]

1. e4 e6 2. d4 d5 3. Nc3 Nf6 4. e5 Nfd7 5. f4 c5 6. Nf3 Nc6 7. Be3 cxd4 8. Nxd4
Bc5 9. Qd2 Bxd4 10. Bxd4 Nxd4 11. Qxd4 Qb6 12. Qxb6 {Moldavian grandmaster
isn't ready for the theoretical discussion after 12.Qd2!? and opts for safer,
but less promising continuation.} (12. Qd2) 12... Nxb6 {On the evaluation of
this ending depends the evaluation of whole variation.So far white has
attempted the folowing possibilities: A) 13.0-0-0. B) 13.Bd3 C) 13.a4, D) 13.
Nb5,but he is still facing some difficulties in getting significient advantage:
} 13. Nb5 (13. O-O-O a6 14. Bd3 Bd7 15. Ne2 Nc8 16. Nd4 Ne7 17. Rhf1 Nc6 18.
Nxc6 (18. c3 $5 $14) 18... Bxc6 19. f5 Bd7 20. f6 g6 21. Rf3 $36 {Hartmann,
G-Moors,H/BL/1986}) (13. Bd3 Ke7 14. O-O-O Bd7 15. Rhf1 Bc6 16. Ne2 f6 17.
exf6+ gxf6 18. Nd4 Kd6 (18... e5 $6 19. fxe5 fxe5 20. Rde1 e4 21. c4 $36) 19.
Rde1 Rae8 20. g4 $5 $36 {Nijboer,F-Gurevich,M/Groningen/1992}) (13. a4 a5 14.
Nb5 Ke7 15. b3 f6 $5 16. exf6+ gxf6 17. Kd2 Bd7 18. Re1 Bxb5 19. Bxb5 Nc8 20.
c4 dxc4 21. Bxc4 Rd8+ 22. Kc3 Rd6 23. Rd1 $14 {Georgiev,Kir-Gurevich,M/Manila
(izt)/1990}) 13... Ke7 14. O-O-O (14. Bd3 Bd7 15. Nd4 Na4 (15... g6 $6 16. b3
h5 17. Kd2 a6 18. a4 Nc8 19. b4 Kd8 20. Rhc1 a5 21. Rcb1 Kc7 22. Ra3 $14 {
Timann,J-Korchnoi,V/Brussels SWIFT/1986}) (15... Nc4 $5 16. b3 Na5 17. Kd2 Nc6
18. Ke3 Rac8 19. Rab1 h6 20. Nxc6+ Rxc6 21. g4 h5 22. h3 g6 $10 {Arnasson,
J-Dolmatov,S/Akureyri/1988}) (15... h5 16. b3 f6 {1/2-1/2 Ivanchuk,V-Dreev,A/
URS-chTJ Kramatorsk 1989}) 16. O-O-O Nc5 17. Kd2 g5 $5 18. fxg5 Rag8 19. h4 h6
20. Nf3 hxg5 21. hxg5 Rxh1 22. Rxh1 Ne4+ 23. Ke3 Nxg5 24. Rh5 Nxf3 25. gxf3 Bc6
$10 {Nunn,J-Gurevich,M/Wijk aan Zee/1990}) (14. Nd4 Bd7 15. Bd3 {-> 14.Bd3}) (
14. b3 $5 f6 $5 15. exf6+ gxf6 16. a4 a5 17. Nc7 $6 Rb8 18. Bd3 Bd7 19. O-O Kd6
$132 {Nijboer,F-Hoeksema,E/NLD-ch sf Enschede 1991 (60)}) (14. a4 $5 Bd7 15. a5
Bxb5 16. Bxb5 Nd7 17. b4 Rac8 18. Kd2 g5 $1 $132 {Luther,T-Mueller,K/
Altensteig 1992 (32)}) (14. h4 h5 15. Rh3 $5 Bd7 16. Nd4 g6 17. b3 a6 18. Rc3
Rhc8 19. Kd2 $14 {Gallagher,J-Kelecevic,N/Biel Credis 1996 (43)}) (14. Kd2 Bd7
15. Nd4 Na4 16. b3 Nc5 17. Bd3 g6 18. a4 $5 a5 19. Raf1 h5 20. g3 Rag8 21. h4
$14 {Ehlvest,J-Gurevich,M/Linares 1991/1/2-1/2 (49)}) 14... Bd7 15. Nd4 h5 16.
Bd3 (16. g3 Na4 17. Bd3 Nc5 18. h3 $1 Rag8 19. Rhf1 g6 20. Kd2 Be8 21. Rc1 $1
Bd7 22. b4 Na4 23. c4 $14 {Chandler,M-Short,N/Hastings A1 1988/1/2-1/2 (82)})
16... g6 17. g3 a6 (17... Bc6 18. Rde1 Nd7 19. c3 $10 {Nunn,J-Korchnoi,V/
Lucern/1985}) 18. b3 {This one is a first "non-theoretical" move. White's plan
should be transferring c4 at the right moment, so black's got to be ready to
meet it properly.} (18. h3 Nc8 19. Kd2 Na7 20. c3 Bb5 21. Bxb5 {1/2-1/2 Nunn,
J-Korchnoi,V/Bruxelles/1985}) 18... Nc8 {[%cal Gc8a7,Ga7c6]} 19. Kb2 Na7 20.
Rhe1 (20. c4 Nc6 21. Nc2 dxc4 22. Bxc4 Rhd8 23. Rd2 Na5 24. Be2 Bc6 25. Rhd1
Rxd2 26. Rxd2 Be4 27. Ne3 $14) 20... Rac8 21. Re3 Rc7 22. Rd2 Rhc8 $11 23. Bf1
(23. c4 dxc4 24. Bxc4 Nc6 25. Nc2 Ke8 26. Re1 Ne7 {[%cal Gd7c6]} 27. Ne3 Bc6
28. Bf1 Bd5 $11) 23... Be8 24. Bg2 Bd7 25. Ne2 Bb5 26. Nc3 Bc6 27. Ne2 Bb5 28.
Nd4 Bd7 29. h3 Nb5 30. Ne2 Na7 31. Rc3 Bc6 (31... Rxc3 32. Nxc3 Nc6 {[%cal
Gh5h4,Gg6g5]} 33. h4 (33. Na4 b5 34. Nb6 Rb8 35. Nxd7 Kxd7 $11) 33... Be8 34.
Nd1 $36 {[%cal Gd1e3,Ga2a3,Gb3b4,Gc2c4]}) 32. Ng1 a5 33. Bf1 Bb5 34. Rxc7+ Rxc7
35. Bg2 a4 36. Nf3 Nc6 37. a3 f6 38. exf6+ Kxf6 39. h4 Ne7 40. Nd4 Ba6 41. Bh3
axb3 42. cxb3 Nf5 43. Bxf5 gxf5 44. Nf3 Rg7 45. Ng5 Rd7 46. Rd4 (46. a4 e5 47.
fxe5+ Kxe5) 46... e5 47. fxe5+ Kxe5 48. Nf3+ Kf6 49. Rb4 Re7 50. Rb6+ Re6 51.
Rxe6+ Kxe6 52. Kc3 f4 53. gxf4 Kf5 54. Kd4 Kxf4 55. Ne5 Kg3 56. Nd7 1/2-1/2

[Event "ISR-ch sf"]
[Site "Ramat Aviv"]
[Date "2000.08.24"]
[Round "8"]
[White "Finkel, Alexander"]
[Black "Zifroni, Dov"]
[Result "1-0"]
[WhiteElo "2467"]
[BlackElo "2532"]
[Annotator "Finkel,A"]
[PlyCount "59"]
[EventDate "2000.08.16"]
[EventType "swiss"]
[EventRounds "9"]
[EventCountry "ISR"]
[SourceTitle "CBM 078"]
[Source "ChessBase"]
[SourceDate "2000.10.18"]
[SourceVersion "1"]
[SourceVersionDate "2000.10.18"]
[SourceQuality "1"]

1. e4 e6 2. d4 d5 3. Nc3 Nf6 4. e5 Nfd7 5. Nce2 {This manoeuvre is basically
designed to keep the center intact - white meets c5 with c3 and f6 with f4,but
he has to pay the price for the strong center and this price,as black shows in
the following game,is too high!} c5 6. c3 Nc6 7. f4 f6 8. Nf3 Qb6 9. h4 Be7 10.
Rh3 O-O 11. a3 {[%csl Gb4]} (11. Ng3 $2 cxd4 12. cxd4 Bb4+ 13. Ke2 a5 $36)
11... a5 $1 {During my preparation to the game I scanned briefly the game
Anand-Shirov and was amazed how easily and smoothly white managed to develop
the initiative and to win the game.I simply couldn't beleive that white has
such a a good position and frankly speaking didn't find anything after 11...
a5!, but I said to myself that if Anand himself plays this variation it should
be good and if this position will arise in the game I'll come up with
something...} (11... Na5 $2 12. b4 cxb4 13. axb4 Nc4 14. Ng3 a5 15. Bd3 $1 $16
{Anand,V-Shirov,A/Fujitsu Siemens Giants 2000}) 12. Ng3 $6 {Unfotunately I
didn't manage to find any idea how to finish development of the pieces,because
the only reasonable alternative move was 12.h5,which looks slightly not in the
place,but I missed following idea:} (12. b3 $5 Rb8 13. Rb1 Qa7 14. Ng3 cxd4 (
14... b5 15. Bd3 cxd4 16. cxd4 fxe5 17. Bxh7+ $1 $40) 15. cxd4 fxe5 16. fxe5
Ndxe5 17. dxe5 Nxe5 18. Be2 $13) 12... cxd4 13. cxd4 fxe5 14. fxe5 Ndxe5 $5 {
Black decides to sacrifice a piece.Another promissing option was} (14... Rxf3
$5 15. gxf3 Nxd4 16. f4 Nb3 17. Rb1 (17. Nf5 $6 Nxa1 18. Nxe7+ Kf8 19. Rg3 Qc5
$1 $19) 17... Nxc1 18. Qxc1 Qg1 $44 {with more than sufficient compensation
for exchange,but it's just a matter of taste!}) 15. dxe5 Nxe5 16. Be2 Bd6 $5 {
All other possibilities didn't promise black anything special.} (16... Nxf3+ $5
17. gxf3 Qg1+ (17... e5 $6 18. Rh1 Be6 19. Kf1 $1 $14 {[%cal Gf1g2]}) 18. Kd2
Qd4+ 19. Kc2 (19. Ke1 Qg1+ $11) 19... Qc5+ 20. Kb1 e5 21. Rh1 Be6 $44) (16...
Ng6 $5 17. h5 Nf4 (17... Nh4 $6 {[%csl Rf2]} 18. Nxh4 Qf2+ 19. Kd2 Bxh4 20.
Rxh4 Qxg3 21. Rg4 $16) 18. Bxf4 Rxf4 19. Qd2 Bd6 20. Nf1 $1 $14 (20. O-O-O $2
Rg4 {[%cal Gd6f4]} 21. Ne5 Rxg3 22. Rxg3 Bxe5 $15)) (16... Ng4 $5 17. Qd4 (17.
Nh1) 17... Qxd4 18. Nxd4 Nf2 19. Rh2 (19. Ngf5 $2 Bf6 $1 20. Rf3 Ne4 $19 {
[%csl Rd4,Rf5]}) 19... Bd6 20. Nf1 Bxh2 21. Nxh2 e5 22. Nb5 $13) 17. Nf1 Ng4 $1
{The best way to continue the attack.} 18. Qd4 $8 Bc5 $1 19. Qxg4 e5 20. Qg5 $6
{Intending to prevent e4,but now the king must come to d2,that's why white
should've play 20.Qg3} (20. Qg3 $5 Bxh3 (20... e4 $6 21. Rh1 exf3 22. gxf3 $16)
21. Qxh3 e4 22. Ng5 Rae8 23. Bg4 $13 {[%cal Gg5e6]}) 20... Bf2+ 21. Kd2 Bxh3 (
21... e4 $5 22. Rh1 (22. Ne1 $5) 22... Rf5 23. Qe7 exf3 24. gxf3 Be6 $40 {
[%cal Ga8c8,Gb6d4]}) 22. gxh3 {White has 3 minor pieces for a rook and 2 pawns,
but his king is extremly unsafe and pair of pawns in the center is serious
force so may be black has better chanses in the forthcoming struggle,but the
position is extremy complicated and every mistake may be lethal!} e4 23. Ne1
Qc6 (23... Qd4+ $5 24. Kc2 Bxe1 25. Kb3 (25. Be3 $6 Qa4+ 26. Kb1 Qb3 $1 $17)
25... Bf2 (25... Rac8 $2 26. Be3 Rc3+ 27. Ka2 Rxe3 28. Nxe3 $16) 26. Bd2 $13 {
[%cal Gd2c3]}) 24. Ne3 Rad8 $2 {After this move black is in serious troubles:
suddenly white pieces come back to life with crushing consequances.} (24...
Bxe3+ $8 25. Qxe3 d4 26. Qb3+ Kh8 27. Kd1 Rae8 $13 {[%cal Gd4d3,Ge4e3]}) 25.
Nf5 Qc7 26. Kd1 $1 $18 {[%csl Rg7,Rg8][%cal Gc1f4,Gf4e5,Ge2g4]} d4 (26... Rf6
27. Bf4 Qd7 28. Bg4 Qa4+ 29. Ke2 $18) 27. Bf4 Qd7 28. Bg4 {[%cal Gf5h6]} Kh8
29. Be5 $1 Qa4+ 30. Nc2 1-0

[Event "FRA-ch Prelim Gr-A"]
[Site "Besancon"]
[Date "1999.08.21"]
[Round "6"]
[White "Apicella, Manuel"]
[Black "Bricard, Emmanuel"]
[Result "1-0"]
[WhiteElo "2501"]
[BlackElo "2506"]
[Annotator "Finkel,A"]
[PlyCount "123"]
[EventDate "1999.08.16"]
[EventType "tourn"]
[EventRounds "7"]
[EventCountry "FRA"]
[EventCategory "11"]
[SourceTitle "CBM 073"]
[Source "ChessBase"]
[SourceDate "1999.12.01"]
[SourceVersion "1"]
[SourceVersionDate "1999.12.01"]
[SourceQuality "1"]

{[%mdl 4192]} 1. e4 e6 2. d4 d5 3. Nc3 Nf6 4. e5 Nfd7 5. f4 c5 6. Nf3 Nc6 7.
Be3 cxd4 8. Nxd4 Bc5 9. Qd2 O-O 10. O-O-O a6 11. h4 Bxd4 12. Bxd4 b5 13. h5 b4
14. Ne2 a5 15. Kb1 (15. h6 g6 16. Ng1 $6 Nxd4 17. Qxd4 Ba6 18. Bxa6 Rxa6 19.
Nf3 Qc7 $15 {Brustkern,J-Brynell,S/Berliner Sommer16 1998}) 15... a4 (15... Ba6
16. h6 (16. Bf2 Qc7 17. Rh3 a4 18. Rg3 Rfb8 19. f5 $6 Qxe5 20. fxe6 fxe6 21. h6
g6 $17 {Nepeina Leconte,M-Maric,M/JUG-chT 1993}) 16... g6 17. Rh3 (17. Bf2 Qc7
18. Nd4 (18. g4 f6 19. Bg3 fxe5 20. f5 $5 Nf6 21. Bg2 Rad8 22. fxe6 $13 {
Van Blitterswijk,S-Herraiz Lopez,H/WchJM U26 1998}) 18... Nxd4 19. Bxd4 Rfc8
20. Rc1 Nc5 21. Bxc5 Qxc5 22. c3 Bxf1 23. Rhxf1 Qf8 $11 {Matthias,H-Bunzmann,D/
Hans&Lenze 1998}) 17... a4 18. Qe3 Qc7 19. Bc5 Nxc5 20. Qxc5 Rfc8 21. Nc1 Bxf1
22. Rxf1 Ra5 $15 {Zontakh,A-Furlan,M/Bled op 1995}) 16. Nc1 (16. Rh3 Ba6 17.
Bf2 Qe7 18. Nd4 Na5 19. Nb5 Rab8 20. Nd6 Bxf1 21. Rxf1 $14 {Szalanczy,E-Jakab,
A/FSIMA Dec 1998}) 16... Ba6 17. g4 Qc7 18. Rh2 {[%csl Rc2]} Rfc8 19. Bxa6 Rxa6
20. h6 g6 21. Re1 b3 $5 {Typical sacrifice aiming to open the files for the
rooks.The active position of black pieces and unsafe position of white king
fully compensate black for the lack of pawn.} 22. cxb3 ({After} 22. axb3 $6
Nxd4 23. Qxd4 axb3 24. Nxb3 Rca8 25. Rh3 Ra4 26. Qf2 Nc5 $40 {white king is in
grave danger.}) 22... axb3 23. Nxb3 Rca8 24. Nc1 Nxd4 25. Qxd4 Ra4 26. Qd2 $5 (
26. Qe3 $6 Qa5 $1 {[%csl Re1][%cal Ga4e4]} 27. Rd2 Nc5 $40) 26... Nc5 27. Rhe2
Ne4 28. Qd3 Qa5 29. Rxe4 $8 dxe4 30. Rxe4 Rxa2 $5 {This move looks very
logical, but after it I didn't manage to find winning continuation for black
so deserved attention simple} (30... Rxe4 31. Qxe4 Rc8 32. a3 Qd2 $17 {with
big advantage.}) 31. Nxa2 Qxa2+ 32. Kc2 Rc8+ 33. Kd1 Qa1+ 34. Ke2 Qxb2+ 35. Kf1
g5 $1 ({After} 35... Qc1+ $6 36. Kg2 Rc2+ 37. Re2 (37. Kg3 Rc3 $19) 37... Rxe2+
38. Qxe2 Qxf4 39. Qd1 Qxh6 40. Qd8+ Kg7 41. g5 $11 {white forces a draw.}) 36.
Re2 (36. Qf3 $5 Qd2 (36... Rc1+ 37. Re1 Rxe1+ 38. Kxe1 Qb4+ 39. Kf2 gxf4 40.
Qa8+ $11) (36... Rc3 37. Re3 Qc1+ 38. Kg2 Rc2+ 39. Kh3 gxf4 40. Ra3 $11) 37.
Rc4 $1 Rb8 38. Qe2 $11) 36... Qc1+ 37. Kg2 gxf4 ({Nothing changes} 37... Qxf4
38. Qf3 (38. Re4 Qc1) 38... Qxf3+ 39. Kxf3 Rc3+ 40. Kg2 Rc4 41. Kg3 Rf4 42. Rb2
f5 43. gxf5 Rxf5 44. Rb7 $11 {and the position is equal.}) 38. Rd2 $1 $11 {
[%csl Rg8]} f3+ (38... Rf8 39. Qd8 f3+ 40. Kh2 Qb1 41. Qf6 Qg6 42. g5 $14) 39.
Kf2 Qc7 40. Kxf3 Rf8 41. Qd4 Qb7+ 42. Kg3 Qe7 43. Rf2 Qg5 44. Qf4 Qxf4+ $6 (
44... Qg6 45. Qf6 $14) 45. Rxf4 Ra8 46. Rb4 $14 f6 $2 {Black didn't find a
winning continuation so he decids to find the losing one! After the move in
the game black's position is hopeless, while after} (46... Kf8 47. Kf4 Ra7 48.
Kg5 (48. Rb8+ Ke7 49. Rh8 Ra4+ 50. Kg5 Ra5 51. Rxh7 Rxe5+ 52. Kf4 Re1 53. Rh8
$14) 48... Ke7 49. Rb8 Rc7 50. Rh8 Rc5 $14 {the game should end up a draw.})
47. exf6 Kf7 48. g5 Kg6 49. Rb5 $18 Ra7 (49... Ra4 50. Kf3 (50. Rb8 Kxg5 51. f7
Rg4+ 52. Kh3 Rh4+ $11) 50... Rc4 51. Ke3 $1 Ra4 52. Rb8 Ra7 53. Rg8+ $18) 50.
Rc5 Rb7 51. Ra5 Rb3+ 52. Kf4 Rb4+ 53. Ke3 Rb8 54. Kd4 Rb7 55. Kc5 Rd7 56. Kc6
Rd8 57. Rb5 Rd1 58. Rb8 $18 Rd5 59. Rg8+ Kf7 60. Rg7+ Kf8 61. Rxh7 Rxg5 62. Rg7
1-0

[Event "Moscow Aeroflot op-A"]
[Site "Moscow"]
[Date "2006.02.14"]
[Round "7"]
[White "Wang, Hao"]
[Black "Akobian, Varuzhan"]
[Result "1-0"]
[WhiteElo "2593"]
[BlackElo "2600"]
[Annotator "Finkel,A"]
[PlyCount "143"]
[EventDate "2006.02.08"]
[EventType "swiss"]
[EventRounds "9"]
[EventCountry "RUS"]
[SourceTitle "CBM 112"]
[Source "ChessBase"]
[SourceDate "2006.06.07"]
[SourceVersion "1"]
[SourceVersionDate "2006.06.07"]
[SourceQuality "1"]

1. e4 e6 2. d4 d5 3. Nc3 Nf6 4. e5 Nfd7 5. f4 c5 6. Nf3 Nc6 7. Be3 a6 8. Qd2 b5
9. a3 Bb7 10. Bd3 Qb6 11. Qf2 g6 (11... Rc8 12. O-O cxd4 13. Nxd4 Nxd4 14. Bxd4
Qxd4 15. Qxd4 Bc5 16. Ne2 $14 {Van den Doel,E-Glek,I/Wijk aan Zee 1995}) (11...
c4 12. Be2 b4 (12... Ne7 13. O-O h5 14. Qe1 Nf5 15. Bf2 Be7 16. Qd2 Nb8 17. Nd1
$14 {Luther,T-Volkov,S/Moscow 2001}) 13. axb4 Nxb4 14. Rc1 h5 15. Ng5 g6 16. g4
hxg4 17. Bxg4 $36 {Smirnov,P-Filippov,V/Rethymnon 2003}) 12. O-O cxd4 $6 {
The arising endgame is clearly better for White, so it's hard to recommend
this variation for Black.} 13. Nxd4 Nxd4 14. Bxd4 Qxd4 15. Qxd4 Bc5 16. Ne2 h5
(16... Bxd4+ 17. Nxd4 h5) 17. c3 $5 {White wants to take on d4 with a pawn in
order to use the c-file for a possible rook invasion.} Ke7 18. Kf2 Bc6 19. Rfc1
Rac8 20. g3 Bxd4+ 21. cxd4 Bb7 22. h3 Rxc1 23. Nxc1 {White needs a rook on the
board.} (23. Rxc1 Rc8 24. Rxc8 Bxc8 $14) 23... Nb6 24. b3 Rc8 25. Ne2 Bc6 26.
g4 hxg4 (26... Rh8 $5) 27. hxg4 Bd7 28. Rh1 a5 29. Rh7 Kf8 30. Ke3 Kg8 31. Rh1
a4 $6 {After the move in the game Black's pawn on b5 becomes extremely
vulnerable.} (31... Kg7) 32. bxa4 Nxa4 (32... bxa4 33. Rb1 Nc4+ 34. Bxc4 Rxc4
35. Rb7 Bc8 (35... Bc6 36. Rc7 Kf8 37. Kd3 Ke8 38. Nc3 Kf8 39. f5 gxf5 40. gxf5
exf5 41. Nxd5 Bxd5 42. Rxc4 Bxc4+ 43. Kxc4 $18) 36. Ra7 Kg7 37. Kd3 $18 {
[%csl Ra4][%cal Ge2c3]}) 33. Rc1 Ra8 (33... Rxc1 $5 {deserved attention:} 34.
Nxc1 Nb2 35. Kd2 g5 $1 36. fxg5 Kg7 37. Kc3 Nxd3 38. Nxd3 Kg6 $16 {with some
drawing chances.}) 34. Rc7 Be8 35. Nc3 Nxc3 36. Rxc3 Bd7 37. Kd2 Kf8 (37... Ra4
$2 38. Rc7 Be8 39. Rc8 $18) 38. Bc2 Ke7 39. Rh3 Rc8 $2 {A blunder which costs
Black the game.} (39... Ra7 $142 40. Kc1 (40. Rh7 Kf8) 40... Rc7 41. Kb2 Rc4
$14) 40. Rh7 Rc4 41. Bxg6 Be8 42. Ke3 Rc3+ 43. Ke2 Kf8 (43... Rxa3 44. f5 exf5
45. gxf5 b4 46. Bxf7 Bxf7 47. e6 $18) 44. Bd3 Kg8 (44... Rxa3 45. Rh8+ Ke7 46.
f5 $16) 45. Rh3 Kg7 46. f5 exf5 47. gxf5 f6 48. Rh1 $1 Rxa3 49. Rc1 b4 (49...
Ra7 50. Rc5 b4 51. Rxd5 b3 52. Rd8 $18) 50. Rc7+ Kh6 51. Rb7 Kg5 52. Ke3 Ba4
53. Rg7+ Kh6 54. Rg6+ Kh7 55. Kd2 Ra2+ 56. Kc1 Ra3 57. Bb1 fxe5 58. dxe5 Re3
59. Rg1 $1 Kh6 (59... Rxe5 60. f6+ Kh8 61. f7 $18) 60. e6 Be8 61. Kd2 Re5 62.
Bd3 Bh5 63. Rg8 Kh7 64. Rb8 Kg7 65. Rxb4 Kf6 66. Kc3 Re1 67. Rb7 Be8 68. Rh7
Re3 69. Kd4 Rxd3+ 70. Kxd3 Kxf5 71. Rh6 Bg6 72. Kd4 1-0

[Event "YUG-ch 55th"]
[Site "Subotica"]
[Date "2000.03.25"]
[Round "8"]
[White "Sedlak, Nikola"]
[Black "Marjanovic, Slavoljub"]
[Result "0-1"]
[WhiteElo "2323"]
[BlackElo "2524"]
[Annotator "Finkel,A"]
[PlyCount "58"]
[EventDate "2000.03.16"]
[EventType "tourn"]
[EventRounds "15"]
[EventCountry "YUG"]
[EventCategory "10"]
[SourceTitle "CBM 076"]
[Source "ChessBase"]
[SourceDate "2000.05.31"]
[SourceVersion "1"]
[SourceVersionDate "2000.05.31"]
[SourceQuality "1"]

1. e4 e6 2. d4 d5 3. Nc3 Nf6 4. e5 Nfd7 5. f4 c5 6. Nf3 Nc6 7. Be3 cxd4 8. Nxd4
Qb6 $5 {Extremly sharp variation with unclear consequances:white gets very
strong initiative,but black's position is rock-solid and from both sides is
required acccurated play,becuse each mistake my become the lethal one.} 9. Qd2
Qxb2 10. Rb1 Qa3 11. Bb5 Nxd4 12. Bxd4 Bb4 13. Rb3 Qa5 14. O-O (14. a3 Be7 15.
f5 (15. Qe3 $5 O-O 16. O-O Qc7 17. f5 Bc5 18. Bxd7 Bxd4 19. Qxd4 Bxd7 20. f6
$40 {De Firmian,N-Kaidanov,G/Lexington 1995}) 15... exf5 16. Nxd5 Bh4+ 17. Ke2
(17. Kd1 Qd8 $2 18. Nf6+ $3 gxf6 19. exf6 O-O 20. Rg3+ $1 Kh8 21. Qh6 Rg8 22.
Rg7 Nf8 {1-0 De Firmian,N-Huebner,R/Polanica Zdroj (07) ;CBM 49 1995}) 17...
Qxd2+ 18. Kxd2 Bd8 19. Rg3 (19. Rc3 $6 a6 20. Bd3 Nf8 21. Bb6 Be6 22. Nc7+ Bxc7
23. Bxc7 g6 24. g4 Bd5 25. Rg1 f4 $17 {0-1 Sahu,S-Singh,G/Calcutta op (06) ;
EXP 50 1996 (45)}) 19... a6 20. Bxd7+ Bxd7 21. Rxg7 Be6 {Nijboer,F-Kuijf,M/
Wijk-B 1996}) 14... O-O 15. Qe3 ({In the couple of games was tried 15.Qf2:} 15.
Qf2 $5 f6 (15... f5 16. Rfb1 Be7 17. Bxd7 Bxd7 18. Rxb7 $16 {Luther,T-Zueger,B/
Mitropa Cup 1991}) (15... Nb6 16. g4 $1 Nc4 17. f5 a6 18. f6 $1 $16) 16. Bxd7
Bxd7 17. exf6 gxf6 18. Rfb1 Bd6 19. Qg3+ $40 {Kruppa,Y-Nikolenko,O/Spring op
1990}) 15... Nb6 (15... f5 16. exf6 Nxf6 17. f5 $5 exf5 18. Bxf6 Rxf6 19. Nxd5
Re6 20. Qd3 $13 {Simacek,P-Williams,S/EU-chJM U16 1995}) 16. Kh1 (16. Qg3 Nc4
$11 {Ivanchuk,V-Dreev,A/Biel izt 1993}) 16... Rd8 17. f5 $5 {Interesting
continuation,however sufficient cnly for a draw.} (17. Rfb1 $5 Be7 18. Bd3 Nc4
19. Qh3 g6 20. Nb5 a6 21. Na7 $13) 17... exf5 18. e6 Bxe6 19. Qg5 $2 {Missing
simple} (19. Bxg7 $8 {[%csl Rb4]} Kxg7 (19... d4 $2 20. Qg5 $1) 20. Qg5+ Kf8
21. Qh6+ Ke7 (21... Kg8 22. Qg5+ $11) 22. Qh4+ {[%cal Gh4e7,Gh4b4]} (22. Qg5+
f6 23. Qg7+ Kd6 24. Qg3+ $13) 22... f6 23. Rxb4 $44 {with compensation for the
lack of two pawns.}) 19... Bf8 $19 {Now black is just 3 pawns up and white has
no serious counterplay.} 20. Nxd5 $6 {[%cal Gb3g3] Disperation!} Nxd5 21. Bxg7
Bxg7 22. Rg3 Kf8 23. Qxg7+ Ke7 24. a4 (24. c4 Nf6) 24... Rg8 25. Qh6 Qb4 (25...
Rxg3 26. Qh4+ Kf8 27. hxg3 Qc3 $19) 26. c4 Nf6 27. Qf4 Qd6 28. Qe3 Rxg3 29.
hxg3 Ne4 0-1